[Event "Dortmund Sparkassen op-B"]
[Site "Dortmund"]
[Date "2012.07.19"]
[Round "6"]
[White "Finke, Lara"]
[Black "Tuscher, Albin"]
[Result "1/2-1/2"]
[WhiteElo "1411"]
[BlackElo "1635"]
[PlyCount "32"]
[EventDate "2012.07.14"]
[EventType "swiss"]
[EventRounds "9"]
[EventCountry "GER"]
[SourceTitle "EXT 2014"]
[Source "ChessBase"]
[SourceDate "2013.11.20"]
[SourceVersion "1"]
[SourceVersionDate "2013.11.20"]
[SourceQuality "1"]

1. e4 c5 2. Nf3 Nc6 3. d4 cxd4 4. Nxd4 d6 5. Bc4 a6 6. 0-0 Nf6 7. Re1 e5 8. Nf3 Be7 9. Bg5 0-0 10. h3 Qc7 11. Bb3 b5 12. Nbd2 Na5 13. Rc1 Bb7 14. c3 Rac8 15. Bc2 Rfd8 16. Qe2 h6 1/2-1/2

[Event "Dortmund Sparkassen op-B"]
[Site "Dortmund"]
[Date "2011.07.28"]
[Round "6"]
[White "Wastian, Jan"]
[Black "Finke, Lara"]
[Result "1/2-1/2"]
[WhiteElo "1610"]
[BlackElo "1464"]
[PlyCount "50"]
[EventDate "2011.07.23"]
[EventType "swiss"]
[EventRounds "9"]
[EventCountry "GER"]
[SourceTitle "EXT 2013"]
[Source "ChessBase"]
[SourceDate "2012.11.22"]
[SourceVersion "1"]
[SourceVersionDate "2012.11.22"]
[SourceQuality "1"]

1. e4 e5 2. Nf3 Nc6 3. Bc4 Be7 4. d4 exd4 5. Nxd4 Nf6 6. Nc3 0-0 7. Nxc6 dxc6 8. 0-0 b5 9. Bd3 Bb7 10. Re1 Re8 11. Kh1 Bb4 12. Bd2 a6 13. a3 Bxc3 14. Bxc3 c5 15. Bxf6 Qxf6 16. b3 Qxf2 17. Rf1 Qh4 18. Qf3 Re7 19. Rae1 Rae8 20. Kg1 Qg5 21. Rf2 f5 22. Qxf5 Qxf5 23. Rxf5 Re5 24. Ref1 g6 25. Rf7 R5e7 1/2-1/2

[Event "GER-chT U20 Girls"]
[Site "Magdeburg"]
[Date "2010.12.27"]
[Round "2.3"]
[White "Finke, Lara"]
[Black "Weiss, Katharina"]
[Result "0-1"]
[WhiteElo "1270"]
[BlackElo "1760"]
[PlyCount "56"]
[EventDate "2010.12.27"]
[EventType "team-swiss"]
[EventRounds "7"]
[EventCountry "GER"]
[SourceTitle "CBM 140 Extra"]
[Source "ChessBase"]
[SourceDate "2011.03.01"]
[SourceVersion "1"]
[SourceVersionDate "2011.03.01"]
[SourceQuality "1"]
[WhiteTeam "Dortmund"]
[BlackTeam "Magdeburg USC"]
[WhiteTeamCountry "GER"]
[BlackTeamCountry "GER"]

1. e4 c5 2. Nf3 d6 3. d4 cxd4 4. Nxd4 Nf6 5. Nc3 g6 6. Bc4 Bg7 7. f3 0-0 8. Be3 Nc6 9. Qd2 Bd7 10. 0-0-0 Rc8 11. Bb3 Ne5 12. h4 Nc4 13. Bxc4 Rxc4 14. Bh6 Rxd4 15. Qxd4 Bxh6+ 16. Kb1 Qa5 17. g4 Bg7 18. Qe3 Rc8 19. h5 Be6 20. a3 Nxg4 21. fxg4 Rxc3 22. Rd3 Rxd3 23. Qxd3 Qe5 24. c3 Bxg4 25. hxg6 fxg6 26. Rf1 d5 27. Qxd5+ Qxd5 28. exd5 Bf5+ 0-1

[Event "Dortmund Sparkassen op-B"]
[Site "Dortmund"]
[Date "2010.07.24"]
[Round "8"]
[White "Geihe, Michael"]
[Black "Finke, Lara"]
[Result "1-0"]
[WhiteElo "1563"]
[BlackElo "1315"]
[PlyCount "71"]
[EventDate "2010.07.17"]
[EventType "swiss"]
[EventRounds "9"]
[EventCountry "GER"]
[SourceTitle "EXT 2014"]
[Source "ChessBase"]
[SourceDate "2013.11.20"]
[SourceVersion "1"]
[SourceVersionDate "2013.11.20"]
[SourceQuality "1"]

1. e4 e5 2. f4 exf4 3. Nf3 d6 4. Bc4 Be6 5. Bxe6 fxe6 6. d4 g5 7. h4 Be7 8. Nxg5 Bxg5 9. Qh5+ Kd7 10. hxg5 Ne7 11. Bxf4 Nbc6 12. c3 Qe8 13. Qh3 Ng6 14. g3 Rd8 15. Nd2 Qe7 16. 0-0-0 Rde8 17. Nc4 Kc8 18. Ne3 Kb8 19. Ng4 Ref8 20. Rhf1 Rf7 21. Nh6 Rff8 22. Qg2 Nd8 23. Qd2 Nf7 24. Ng4 e5 25. Be3 b6 26. d5 Rfg8 27. a4 Nf8 28. Nf6 Rg6 29. c4 Nd7 30. a5 Nxf6 31. gxf6 Rxf6 32. axb6 axb6 33. Rf5 Nd8 34. Bg5 Rhf8 35. Bxf6 Rxf6 36. Qg5 1-0

[Event "Dortmund Sparkassen op-B"]
[Site "Dortmund"]
[Date "2010.07.21"]
[Round "5"]
[White "Thiemann, Marc"]
[Black "Finke, Lara"]
[Result "0-1"]
[WhiteElo "835"]
[BlackElo "1315"]
[PlyCount "120"]
[EventDate "2010.07.17"]
[EventType "swiss"]
[EventRounds "9"]
[EventCountry "GER"]
[SourceTitle "EXT 2014"]
[Source "ChessBase"]
[SourceDate "2013.11.20"]
[SourceVersion "1"]
[SourceVersionDate "2013.11.20"]
[SourceQuality "1"]

1. e4 e5 2. d3 Nf6 3. f4 Nc6 4. Nf3 d6 5. Nc3 Bg4 6. Be2 Be7 7. h3 Bxf3 8. Bxf3 Qd7 9. Be3 0-0-0 10. Qe2 Kb8 11. 0-0-0 Rhf8 12. f5 g6 13. g4 Rg8 14. Rhg1 Nd4 15. Qf2 Nxf3 16. Qxf3 Qc6 17. Qf2 a6 18. d4 Nxe4 19. Nxe4 Qxe4 20. Rge1 Qc6 21. d5 Qb5 22. fxg6 fxg6 23. Qf7 Qe8 24. Rf1 Rh8 25. Bh6 Qxf7 26. Rxf7 Bf8 27. Bg5 Re8 28. Rdf1 Kc8 29. Bf6 Rg8 30. Rxh7 e4 31. Re1 Kb8 32. g5 c6 33. c4 Ka8 34. Kd2 Kb8 35. Ke3 cxd5 36. cxd5 Rc8 37. Kxe4 Re8+ 38. Be7 Bxe7 39. Kf4 Bxg5+ 40. Kxg5 Rxe1 41. Rh4 Re5+ 42. Kf6 Rxd5 43. Ke6 Rd2 44. Rb4 b5 45. Kf7 Rd8 46. Kxg6 d5 47. a4 Rc2 48. h4 Rc4 49. Rxc4 bxc4 50. h5 d4 51. h6 d3 52. h7 d2 53. Kg7 d1Q 54. h8Q Rxh8 55. Kxh8 Qg4 56. Kh7 Kc7 57. b3 Kd7 58. b4 Ke7 59. b5 Kf7 60. b6 Qg7# 0-1

[Event "Dortmund op-B"]
[Site "Dortmund"]
[Date "2009.07.07"]
[Round "4"]
[White "Fistoul, Boris"]
[Black "Finke, Lara"]
[Result "1-0"]
[WhiteElo "1523"]
[BlackElo "1235"]
[PlyCount "45"]
[EventDate "2009.07.04"]
[EventType "swiss"]
[EventRounds "9"]
[EventCountry "GER"]
[SourceTitle "EXT 2012"]
[Source "ChessBase"]
[SourceDate "2011.11.24"]
[SourceVersion "1"]
[SourceVersionDate "2011.11.24"]
[SourceQuality "1"]

1. d4 d5 2. c4 c6 3. Nc3 Nf6 4. cxd5 cxd5 5. Nf3 Bf5 6. Qb3 b6 7. Bf4 Nc6 8. e3 e6 9. Bb5 Rc8 10. Qa4 Qd7 11. Ne5 Qb7 12. Bxc6+ Rxc6 13. Qxc6+ Qxc6 14. Nxc6 a5 15. 0-0 Bd3 16. Rfd1 Ba6 17. Rac1 g6 18. Nb8 Bb7 19. Nb5 Ne4 20. f3 Nf6 21. Be5 Be7 22. Bxf6 Bxf6 23. Nd6+ 1-0

[Event "GER-chT U14 Girls"]
[Site "Stuttgart"]
[Date "2007.12.28"]
[Round "3.3"]
[White "Klich, Jana"]
[Black "Finke, Lara"]
[Result "0-1"]
[WhiteElo "1024"]
[BlackElo "783"]
[PlyCount "90"]
[EventDate "2007.12.27"]
[EventType "team-swiss"]
[EventRounds "7"]
[EventCountry "GER"]
[SourceTitle "EXT 2009"]
[Source "ChessBase"]
[SourceDate "2008.11.26"]
[SourceVersion "1"]
[SourceVersionDate "2008.11.26"]
[SourceQuality "1"]
[WhiteTeam "Harksheide U14 Girls"]
[BlackTeam "Dortmund SV U14 Girls"]
[WhiteTeamCountry "GER"]
[BlackTeamCountry "GER"]

1. d4 d5 2. Nc3 Nf6 3. Bf4 Bf5 4. Nf3 Nbd7 5. Nb5 e5 6. Nxe5 Bd6 7. Nxd7 Qxd7 8. Bxd6 cxd6 9. e3 0-0 10. Bd3 Bxd3 11. Qxd3 Rac8 12. Nxa7 Rb8 13. Qb5 Qxb5 14. Nxb5 Rfd8 15. 0-0 h6 16. h3 Ne4 17. Rfd1 Rdc8 18. c3 b6 19. f3 Nf6 20. Nxd6 Rc6 21. Nf5 Rb7 22. Re1 Re6 23. Ng3 Rbe7 24. Nf5 Re8 25. b3 Kh7 26. c4 dxc4 27. bxc4 g6 28. Ng3 Rxe3 29. Rxe3 Rxe3 30. Rb1 Nd7 31. Rc1 Ra3 32. Rc2 Ra4 33. Ne2 Kg7 34. Kf2 f5 35. g4 fxg4 36. hxg4 h5 37. gxh5 gxh5 38. f4 Ra8 39. Kg3 Rh8 40. Kh4 Kf6 41. c5 bxc5 42. dxc5 Kf5 43. c6 Nb6 44. c7 Rc8 45. Kxh5 Rh8# 0-1